Nghề làm cha mẹ
Đã lưu trong:
| Tác giả chính: | |
|---|---|
| Định dạng: | Sách |
| Ngôn ngữ: | Undetermined |
| Được phát hành: |
Đồng Tháp
Nxb. Tổng hợp Đồng Tháp
1994
|
| Những chủ đề: | |
| Các nhãn: |
Thêm thẻ
Không có thẻ, Là người đầu tiên thẻ bản ghi này!
|
| Thư viện lưu trữ: | Trung tâm Học liệu Trường Đại học Cần Thơ |
|---|
| LEADER | 00552nam a2200181Ia 4500 | ||
|---|---|---|---|
| 001 | CTU_6088 | ||
| 008 | 210402s9999 xx 000 0 und d | ||
| 082 | |a 370.19312 | ||
| 082 | |b Ph304 | ||
| 100 | |a Nguyễn Hữu Phiếm | ||
| 245 | 0 | |a Nghề làm cha mẹ | |
| 245 | 0 | |c Nguyễn Hữu Phiếm | |
| 260 | |a Đồng Tháp | ||
| 260 | |b Nxb. Tổng hợp Đồng Tháp | ||
| 260 | |c 1994 | ||
| 650 | |a home education | ||
| 904 | |i Nguyễn Quang Điền, 960810 | ||
| 980 | |a Trung tâm Học liệu Trường Đại học Cần Thơ | ||